Molecular mechanisms of neurotransmitter release (Record no. 105098)
[ view plain ]
| 000 -LEADER | |
|---|---|
| fixed length control field | 01446nam a22003854a 4500 |
| 245 00 - TITLE STATEMENT | |
| Title | Molecular mechanisms of neurotransmitter release |
| 260 ## - PUBLICATION, DISTRIBUTION, ETC. (IMPRINT) | |
| Place of publication | [Totowa, N.J.?] : |
| Name of publisher | Humana Press, |
| Year of publication | c2008. |
| 300 ## - PHYSICAL DESCRIPTION | |
| Number of Pages | xiii, 347 p. : |
| Other physical details | ill. + |
| 490 1# - SERIES STATEMENT | |
| Series statement | Contemporary neuroscience |
| 650 #0 - SUBJECT ADDED ENTRY--TOPICAL TERM | |
| Topical Term | Neurotransmitters. |
| Topical Term | Neural transmission. |
| 700 1# - ADDED ENTRY--PERSONAL NAME | |
| Personal name | Wang, Zhao-Wen. |
| 856 40 - ELECTRONIC LOCATION AND ACCESS | |
| Uniform Resource Identifier | http://site.ebrary.com/lib/rucke/Doc?id=10361995 |
No items available.
